|
|
|
|
| LEADER |
00000nam a2200000 a 4500 |
| 001 |
vtls011187503 |
| 003 |
SK-MaSNL |
| 005 |
20260301043430.0 |
| 008 |
160610s2014 xo o g 000 0 slo |
| 015 |
|
|
|a SNBA2015/11
|
| 020 |
|
|
|a 9788085742473 (brož.)
|
| 035 |
|
|
|a CF36A19C-29A7-4CED-9109-C8F85A0BC2D4
|
| 035 |
|
|
|a urn:nbn:sk:snk-aml2kp
|
| 035 |
|
|
|a urn:nbn:sk:snk-am008luu
|
| 040 |
|
|
|a SNK
|b slo
|c SNK
|e AACR2
|
| 041 |
0 |
|
|a slo
|
| 043 |
|
|
|a s-bl---
|
| 044 |
|
|
|a xo
|c SK
|
| 072 |
|
7 |
|a 796
|x Šport. Hry. Telesné cvičenia
|2 konspekt
|
| 080 |
|
|
|a 796.332.093.1(100)
|2 2001
|
| 080 |
|
|
|a 796.332
|2 2001
|
| 080 |
|
|
|a (81)
|2 2001
|
| 080 |
|
|
|a (048.8)
|2 2001
|
| 080 |
|
|
|a (084.12)
|2 2001
|
| 245 |
0 |
0 |
|a Brazília 2014
|b pamätnica majstrovstiev sveta vo futbale
|c [zostavovateľ a zodpovedný redaktor: Boris Vanya ; autori: Miroslav Antol ... [et al.] ; fotografie: Milan Illík, Dušan Koutný, Mojmír Staško]
|
| 260 |
|
|
|a Bratislava
|b Šport Press
|c 2014
|
| 300 |
|
|
|a 58 s.
|b fareb. fotogr.
|c 30 cm
|
| 500 |
|
|
|a Názov z obalu
|
| 611 |
2 |
7 |
|a Majstrovstvá sveta vo futbale
|n (20. :
|d 2014 :
|c Brazília)
|2 SNKKA
|9 348243
|
| 648 |
|
7 |
|a 2014
|2 SNKPH
|9 334827
|
| 650 |
0 |
7 |
|a futbal
|2 SNKPH
|9 3291
|
| 650 |
0 |
7 |
|a World cup (soccer)
|2 SNKPHeng
|9 348244
|
| 650 |
0 |
7 |
|a Football
|2 SNKPHeng
|9 315473
|
| 651 |
|
7 |
|a Brazília
|2 SNKPH
|9 28213
|
| 651 |
|
7 |
|a Brazília
|2 SNKPHeng
|9 28213
|
| 655 |
|
7 |
|a prehľady
|2 SNKPH
|9 70194
|
| 655 |
|
7 |
|a Surveys
|2 SNKPHeng
|9 266058
|
| 700 |
1 |
|
|a Vanya, Boris
|4 com
|4 red
|9 274871
|
| 700 |
1 |
|
|a Antol, Miroslav
|4 aut
|9 348245
|
| 700 |
1 |
|
|a Illík, Milan,
|d 1964-
|4 pht
|9 207607
|
| 700 |
1 |
|
|a Koutný, Dušan,
|d 1953-2018
|4 pht
|9 214544
|
| 700 |
1 |
|
|a Staško, Mojmír,
|d 1963-
|4 pht
|9 332919
|
| 919 |
|
|
|a 978-80-85742-47-3
|
| 999 |
|
|
|c 593578
|d 595508
|
| 952 |
|
|
|a SNK
|b SNK
|y PREZ
|7 0
|p 17A1174283
|o snkSB 89167
|i snk2015/30687
|8 0
|0 0
|1 0
|4 0
|d 2015-11-09
|f 1
|l 0
|r 2025-05-12 00:00:00
|w 2026-02-23
|
| 952 |
|
|
|a SNK
|b SNK
|y VYP
|7 0
|p 17A1174284
|o snkSB 89167 D1
|i snk2015/30688
|8 0
|0 0
|1 0
|4 0
|d 2015-11-09
|l 0
|r 2026-02-23 15:31:33
|w 2026-02-23
|